| 000 | 00501nam a2200181Ia 4500 | ||
|---|---|---|---|
| 005 | 20250508154442.0 | ||
| 008 | 008 250505s9999 xx 000 0 eng d | ||
| 037 | _aReference | ||
| 040 |
_aFEDL _beng _cFEDL |
||
| 041 |
_aeng _2eng |
||
| 084 |
_a370.7, DUN _qFEDL |
||
| 100 |
_aDunhill James _9762393 |
||
| 245 | 0 | _aTeacher training manual | |
| 260 |
_aLondon, UK _bUniversity of London Prees Ltd. _c1961 |
||
| 300 | _a112p. | ||
| 942 |
_cREF _h370.7, DUN |
||
| 999 |
_c1350341 _d1350341 |
||